| 000 | 01262nam a22002657a 4500 | ||
|---|---|---|---|
| 005 | 20170124103208.0 | ||
| 010 | _aB-144962 | ||
| 020 |
_c00.00 _a8188093351 |
||
| 035 | _aB-144962 | ||
| 037 | _bCen Lib/Ret | ||
| 040 |
_aDPL _bHN |
||
| 082 |
_a133.5 _bजाखेटि |
||
| 100 |
_aजाखेटिया, विधावाच्स्पति रामगोपाल _994765 |
||
| 245 |
_aभाग्य, कर्म और फल / _cविधावाच्स्पति रामगोपाल जाखेटिया |
||
| 246 |
_aBhagya, karam aur phal / _bby Vidhavachaspati Ramgopal Jakhetiya |
||
| 260 |
_aजयपुर _bग्रन्थ विकास _c2006 |
||
| 270 |
_aसी-37, बर्फखाना, राजापार्क _bजयपुर |
||
| 300 |
_a111पृ. _c21सेमी(सजिल्द) |
||
| 500 | _aअनुक्रमणिका शामिल | ||
| 650 |
_aपरामनोविज्ञान और ओकल्टीज़्म _994766 |
||
| 650 |
_aअनुभव और ज्योतिष _91101 |
||
| 650 |
_aParapsychology and occultism _994767 |
||
| 650 |
_aExperience and astrology _994768 |
||
| 942 |
_2ddc _cHN _h133.5 _mजाखेटि |
||
| 999 |
_c121122 _d121122 |
||